Normal view MARC view
  • Kedah

Entry Corporate Name

Number of records used in: 1

001 - CONTROL NUMBER

  • control field: 8860

003 - CONTROL NUMBER IDENTIFIER

  • control field: OSt

005 - DATE AND TIME OF LATEST TRANSACTION

  • control field: 20170605122033.0

008 - FIXED-LENGTH DATA ELEMENTS

  • fixed length control field: 170605|| aca||aabn | a|a d

040 ## - CATALOGING SOURCE

  • Original cataloging agency: OSt
  • Transcribing agency: OSt

110 ## - HEADING--CORPORATE NAME

  • Corporate name or jurisdiction name as entry element: Kedah
  • Subordinate unit: Kastam Diraja Malaysia

670 ## - SOURCE DATA FOUND

  • Source citation: Work cat.: (OSt)0: Kedah Kastam Diraja Malaysia, Majalah Prima Q, Kastam & Eksais Diraja Negeri Kedah, 2000-
Pusat Sumber Maklumat Dato' Haji Sarmin Md Hussin, Akademi Kastam Diraja Malaysia, Melaka
Tel: 06-2331106 | Faks: 06-2313787